ਜ਼ਿੰਦਗੀ ਦੀ ਕੀਮਤ / (Record no. 109705)

MARC details
000 -LEADER
fixed length control field 00938nam a22002417a 4500
005 - DATE AND TIME OF LATEST TRANSACTION
control field 20170123164141.0
010 ## - LIBRARY OF CONGRESS CONTROL NUMBER
LC control number B-028852
020 ## - INTERNATIONAL STANDARD BOOK NUMBER
Terms of availability 100.00
International Standard Book Number 8186583300
035 ## - SYSTEM CONTROL NUMBER
System control number B-28852
040 ## - CATALOGING SOURCE
Original cataloging agency DPL
Language of cataloging PN
082 ## - DEWEY DECIMAL CLASSIFICATION NUMBER
Classification number
Item number ਹਰਬ
100 ## - MAIN ENTRY--PERSONAL NAME
Personal name ਹੰਸਪਾਲ, ਹਰਬਖਸ਼ ਸਿੰਘ
9 (RLIN) 6826
245 ## - TITLE STATEMENT
Title ਜ਼ਿੰਦਗੀ ਦੀ ਕੀਮਤ /
Statement of responsibility, etc ਹਰਬਖਸ਼ ਸਿੰਘ ਹੰਸਪਾਲ
246 ## - VARYING FORM OF TITLE
Title proper/short title Zindgi di Keemat
Remainder of title by Harbaksh singh hanspal
260 ## - PUBLICATION, DISTRIBUTION, ETC. (IMPRINT)
Place of publication, distribution, etc ਦਿੱਲੀ
Name of publisher, distributor, etc ਵੈੱਲ ਵਿਸ਼ ਪਬਲਿਸ਼ਰਜ਼
270 ## - ADDRESS
Address ਪੀ.ਪੀ. ਮੌਰੀਆ ਅੌੱਨਕਲੇਵ
City ਦਿੱਲੀ
Postal code 110034
300 ## - PHYSICAL DESCRIPTION
Extent 96p.
Dimensions 23cm(Hb)
650 ## - SUBJECT ADDED ENTRY--TOPICAL TERM
Topical term or geographic name as entry element ਪੰਜਾਬੀ - ਕਹਾਣੀਆਂ
9 (RLIN) 15360
650 ## - SUBJECT ADDED ENTRY--TOPICAL TERM
Topical term or geographic name as entry element ਪੰਜਾਬੀ ਸਾਹਿਤ
9 (RLIN) 779
650 ## - SUBJECT ADDED ENTRY--TOPICAL TERM
Topical term or geographic name as entry element Punjabi stories
9 (RLIN) 6279
650 ## - SUBJECT ADDED ENTRY--TOPICAL TERM
Topical term or geographic name as entry element Punjabi Literature
9 (RLIN) 781
942 ## - ADDED ENTRY ELEMENTS (KOHA)
Source of classification or shelving scheme Dewey Decimal Classification
Koha item type Punjabi Bks
Classification part
Call number suffix ਹੰਸਪਾ
Holdings
Withdrawn status Lost status Damaged status Not for loan Home library Current library Date acquired Source of acquisition Cost, normal purchase price Total Checkouts Full call number Barcode Date last seen Date checked out Copy number Cost, replacement price Price effective from Koha item type
        Central Library Central Library 23/06/2015 Cen Lib/Ret 100.00 1 ਕ ਹਰਬ B-028852 30/09/2019 18/09/2019 1 100.00 23/06/2015 Punjabi Bks

© Delhi Public Library
Hit Counter
free hit counter